Top 20 championnat du monde 2018 de Cyclisme - Statistiques

Statistiques générales
  • Ce quiz a été pris 304 fois
  • Le résultat moyen est 10 sur 20
Statistiques - réponses
Place Pays Réponse % Correct
1er Espagne Alejandro Valverde
98%
2eme France Romain Bardet
97%
9eme France Thibaut Pinot
92%
8eme France Julian Alaphilippe
90%
3eme Canada Michael Woods
82%
4eme Pays-Bas Tom Dumoulin
77%
10eme Portugal Rui Costa
72%
15eme Colombie Nairo Quintana
70%
20eme Danemark Jakob Fuglsang
53%
5eme Italie Gianni Moscon
47%
7eme Danemark Michael Valgren
47%
18eme Nouvelle-Zélande George Bennett
43%
6eme République Tchèque Roman Kreuziger
41%
12eme Pays-Bas Bauke Mollema
36%
11eme Espagne Ion Izagirre
26%
17eme République Tchèque Jan Hirt
21%
19eme Australie Jack Haig
13%
13eme Espagne Mikel Nieve
13%
14eme Pays-Bas Sam Oomen
13%
16eme Grande-Bretagne Peter Kennaugh
7%
Aucun quiz correspondant
Distribution des résultats
% des personnes avec chaque résultat
Percentile par nombre de réponses
Votre historique - résultats
Vous n’avez pas pris ce quiz